000 00312nam a22001337a 4500
008 181205b xxu||||| |||| 00| 0 eng d
020 _a9780393935813
041 _aeng
080 _a371
100 _a46
101 _aEDU
245 _aThe Little Seagull Handbook with excercise
_cBullock,R
942 _2udc
_cBK
999 _c52895
_d52895